Cars on mars : (Record no. 6329)
[ view plain ]
| 000 -LEADER | |
|---|---|
| fixed length control field | 00970nam a22002537a 4500 |
| 001 - CONTROL NUMBER | |
| control field | 6329 |
| 003 - CONTROL NUMBER IDENTIFIER | |
| control field | FISKH |
| 005 - DATE AND TIME OF LATEST TRANSACTION | |
| control field | 20250423124715.0 |
| 008 - FIXED-LENGTH DATA ELEMENTS--GENERAL INFORMATION | |
| fixed length control field | 250422b cb ||||| |||| 00| 0 eng d |
| 020 ## - INTERNATIONAL STANDARD BOOK NUMBER | |
| International Standard Book Number | 9781570914638 |
| 040 ## - CATALOGING SOURCE | |
| Original cataloging agency | FISKH |
| Language of cataloging | eng |
| Transcribing agency | FISKH |
| Modifying agency | FISKH |
| 050 ## - LIBRARY OF CONGRESS CALL NUMBER | |
| Classification number | QB641 .S495 |
| 082 ## - DEWEY DECIMAL CLASSIFICATION NUMBER | |
| Classification number | 919.9 |
| 100 ## - MAIN ENTRY--PERSONAL NAME | |
| Personal name | Siy, Alexandra |
| 245 ## - TITLE STATEMENT | |
| Title | Cars on mars : |
| Remainder of title | Roving the red planet / |
| Statement of responsibility, etc. | By Alexandra Siy |
| 250 ## - EDITION STATEMENT | |
| Edition statement | First paperback edition 2011 |
| 260 ## - PUBLICATION, DISTRIBUTION, ETC. | |
| Place of publication, distribution, etc. | Watertown : |
| Name of publisher, distributor, etc. | Charlesbridge , |
| Date of publication, distribution, etc. | 2009. |
| 300 ## - PHYSICAL DESCRIPTION | |
| Extent | 57 pages : |
| Other physical details | color illustrations ; |
| Dimensions | 23 *28 cm . |
| 520 ## - SUMMARY, ETC. | |
| Summary, etc. | Follow the course of NASA's Mars Exploration Rovers Mission. Learn how scientists determined that there was once water on Mars and how they resolved problems with the rovers in order to prolong the mission. |
| 650 ## - SUBJECT ADDED ENTRY--TOPICAL TERM | |
| Topical term or geographic name entry element | Mars (Planet) -Exploration |
| Form subdivision | Juvenile literature |
| 650 ## - SUBJECT ADDED ENTRY--TOPICAL TERM | |
| Topical term or geographic name entry element | Roving vehicles( Astronautics ) |
| Form subdivision | Juvenile literature |
| 942 ## - ADDED ENTRY ELEMENTS (KOHA) | |
| Source of classification or shelving scheme | Dewey Decimal Classification |
| Koha item type | Books |
| Suppress in OPAC | No |
| Withdrawn status | Lost status | Source of classification or shelving scheme | Damaged status | Not for loan | Collection | Home library | Current library | Shelving location | Date acquired | Total Checkouts | Full call number | Barcode | Date last seen | Price effective from | Koha item type |
|---|---|---|---|---|---|---|---|---|---|---|---|---|---|---|---|
| Dewey Decimal Classification | Non-Fiction | Footprints International School Library Network Toul Tom Poung Campus | Footprints International School Library Network Toul Tom Poung Campus | TTP Secondary Non-Fiction Bookshelves | 04/22/2025 | SIY 919.9 QB641 .S495 | FISSE02429 | 04/22/2025 | 04/22/2025 | Books |
